| 000 -ლიდერი |
| ფიქსირებული სიგრძის საკონტროლო ველი |
00858nam a22001817a 4500 |
| 003 - საკონტროლო ნომრის იდენტიფიკატორი |
| საკონტროლო ველი |
Ge_BSU |
| 005 - ბოლო ოპერაციის თარიღი და დრო |
| საკონტროლო ველი |
20230201093928.0 |
| 008 - ფიქსირებული სიგრძის მონაცემთა ელემენტები - ზოგადი ინფორმაცია |
| ფიქსირებული სიგრძის საკონტროლო ველი |
230201s1997 ge ||||| |||| 00| 0 geo d |
| 041 ## - ენის კოდი |
| Language code of text/sound track or separate title |
geo |
| 080 ## - უნივერსალური ათობითი კლასიფიკაციის ინდექსი |
| Universal Decimal Classification number |
336.22(038) უ-59 |
| 100 ## - მთავარი ჩანაწერი - პიროვნების სახელი |
| Personal name |
ურიდია, გონერ |
| 9 (RLIN) |
16829 |
| 245 ## - ცნობა სათაურის შესახებ |
| Title |
საგადასახადო განმარტებითი ლექსიკონი / |
| Statement of responsibility, etc |
შემდგ.: გონერ ურიდია, თეიმურაზ დვალი ; [რედ.: გელა ხანიშვილი]. |
| 264 ## - წარმოების, გამოცემის, დისტრიბუციის და სხვა ცნობები |
| გამოცემის, წარმოების, დისტრიბუციის... ადგილი |
თბილისი, |
| გამოცემის, წარმოების, დისტრიბუციის... თარიღი |
1997. |
| 300 ## - ფიზიკური აღწერა |
| Extent |
373გვ. ; |
| Other physical details |
20სმ. |
| 653 ## - INDEX TERM--UNCONTROLLED |
| Uncontrolled term |
საგადასახადო განმარტებითი ლექსიკონი |
| 700 ## - ADDED ENTRY--PERSONAL NAME |
| Personal name |
დვალი, თეიმურაზ |
| Relator term |
ავტორი |
| 9 (RLIN) |
16830 |
| 942 ## - ADDED ENTRY ELEMENTS (KOHA) |
| Source of classification or shelving scheme |
|
| Koha item type |
წიგნი |